Electrotecnia: fundamentos teóricos y aplicaciones prácticas
I tiakina i:
| Ngā kaituhi matua: | , |
|---|---|
| Hōputu: | Pukapuka |
| Reo: | Pāniora |
| I whakaputaina: |
Madrid
Aguilar
1960
|
| Putanga: | 3a. ed |
| Rangatū: | Ciencia y Técnica
|
| Ngā marau: | |
| Ngā Tūtohu: |
Tāpirihia he Tūtohu
Kāore He Tūtohu, Me noho koe te mea tuatahi ki te tūtohu i tēnei pūkete!
|
MARC
| LEADER | 00000nam a2200000 a 4500 | ||
|---|---|---|---|
| 001 | UCU5133 | ||
| 003 | CL-VaPUC | ||
| 008 | 960531e19600000SP |||||||||||||||||spa|d | ||
| 082 | 0 | 4 | |a 621.3 |b GRA |2 21 |
| 100 | |a Gray, Alexander |e author |9 362980 | ||
| 700 | 0 | |a Wallace, G. A |e author |9 362981 | |
| 245 | 1 | 0 | |a Electrotecnia: fundamentos teóricos y aplicaciones prácticas |
| 250 | |a 3a. ed | ||
| 300 | |a 720 p | ||
| 942 | |c BK | ||
| 945 | |d 19960531 00:00:00 |a cmena | ||
| 260 | |a Madrid |b Aguilar |c 1960 | ||
| 650 | 0 | |a Electricidad |9 260222 | |
| 650 | 0 | |a Electromagnetismo |9 260123 | |
| 650 | 0 | |a Magnetismo |9 260336 | |
| 650 | 0 | |a Circuitos eléctricos |9 260262 | |
| 650 | 7 | |a RESISTENCIAS ELECTRICAS |2 CL-VaPUC |9 263527 | |
| 650 | 0 | |a Transformadores |9 345471 | |
| 650 | 7 | |a CORRIENTES ALTERNAS |2 CL-VaPUC |9 263344 | |
| 650 | 7 | |a CONVERTIDORES ELECTRICOS |2 CL-VaPUC |9 345464 | |
| 583 | |a last modification |c 19960531 00:00:00 |k Rodrigo Vera | ||
| 490 | 0 | |a Ciencia y Técnica | |
| 999 | |c 248596 |d 248594 | ||
| 952 | |0 0 |1 0 |4 0 |6 621_300000000000000_GRA_1960 |7 0 |8 A |9 265338 |a BIBING |b BIBING |d 2019-11-19 |i 1679805 |o 621.3 GRA 1960 |p 1679805 |r 2025-01-20 |w 2019-11-19 |y BK |k EIE | ||